Análisis de la gestión de la dependencia en España según el enfoque pluralista del estado del bienestar (Registro nro. 49493)
[ vista simple ]
| 000 -CABECERA | |
|---|---|
| Longitud fija campo de control | 01289naa a2200289 c 4500 |
| 001 - NÚMERO DE CONTROL | |
| Número de control | 49493 |
| 003 - IDENTIFICADOR DE NÚMERO DE CONTROL | |
| Identificador del número de control | ES-MaCES |
| 005 - FECHA Y HORA DE LA ÚLTIMA TRANSACCIÓN | |
| Fecha y hora de la última transacción | 20170530121643.0 |
| 008 - CAMPO FIJO DE DESCRIPCIÓN FIJA--INFORMACIÓN GENERAL | |
| Códigos de información de longitud fija | 170530s2017 sp ||||| t||||||| ||spa d |
| 040 ## - FUENTE DE CATALOGACIÓN | |
| Centro catalogador de origen | ES-MaCES |
| Lengua de catalogación | spa |
| Centro transcriptor | ES-MaCES |
| Centro modificado | ES-MaCES |
| 100 1# - ENCABEZAMIENTO PRINCIPAL--NOMBRE PERSONAL | |
| 9 (RLIN) | 38235 |
| Nombre de persona | Castro Vadillo, Nelly Julia |
| 245 10 - MENCIÓN DE TÍTULO | |
| Título | Análisis de la gestión de la dependencia en España según el enfoque pluralista del estado del bienestar |
| Mención de responsabilidad, etc. | Nelly Julia Castro Vadillo, María de la O Barroso González, David Flores Ruiz |
| 500 ## - NOTA GENERAL | |
| Nota general | Resumen |
| 610 14 - ASIENTO SECUNDARIO DE MATERIA--NOMBRE CORPORATIVO | |
| 9 (RLIN) | 3034 |
| Nombre de entidad corporativa o nombre de jurisdicción como elemento inicial | España |
| Fecha del congreso o de la firma de un tratado | 2006 |
| Título de la obra | Ley de promoción de la autonomía personal y atención a las personas en situación de dependencia |
| 650 #4 - ASIENTO SECUNDARIO DE MATERIA--TÉRMINO DE MATERIA | |
| 9 (RLIN) | 27029 |
| Término de materia o nombre geográfico como elemento inicial | política social |
| 650 #4 - ASIENTO SECUNDARIO DE MATERIA--TÉRMINO DE MATERIA | |
| 9 (RLIN) | 30591 |
| Término de materia o nombre geográfico como elemento inicial | estrategia de gestión |
| 650 #4 - ASIENTO SECUNDARIO DE MATERIA--TÉRMINO DE MATERIA | |
| 9 (RLIN) | 28689 |
| Término de materia o nombre geográfico como elemento inicial | persona con discapacidad |
| 650 #4 - ASIENTO SECUNDARIO DE MATERIA--TÉRMINO DE MATERIA | |
| 9 (RLIN) | 27063 |
| Término de materia o nombre geográfico como elemento inicial | cuidado a las personas con discapacidad |
| 650 #4 - ASIENTO SECUNDARIO DE MATERIA--TÉRMINO DE MATERIA | |
| 9 (RLIN) | 29481 |
| Término de materia o nombre geográfico como elemento inicial | Estado-Benefactor |
| 650 #4 - ASIENTO SECUNDARIO DE MATERIA--TÉRMINO DE MATERIA | |
| 9 (RLIN) | 29076 |
| Término de materia o nombre geográfico como elemento inicial | protección social |
| 653 10 - TÉRMINO DE INDEXACIÓN--NO CONTROLADO | |
| Término no controlado | Asuntos Sociales |
| 700 1# - ENCABEZAMIENTO SECUNDARIO--NOMBRE PERSONAL | |
| 9 (RLIN) | 7198 |
| Nombre de persona | Barroso González, María de la O |
| 700 1# - ENCABEZAMIENTO SECUNDARIO--NOMBRE PERSONAL | |
| 9 (RLIN) | 12199 |
| Nombre de persona | Flores Ruiz, David |
| 773 0# - ENTRADA DE DOCUMENTO FUENTE | |
| Itemnumber del ítem fuente | 86064 |
| Lugar, editor y fecha de publicación | Madrid (Fuencarral, 127, 28010) Fundación Sistema |
| Otro identificador del documento | 088962 |
| Título | Sistema |
| Número de control del registro relacionado | (ES-MaCES)25730 |
| Parte(s) relacionada(s) | n. 246 (abr. 2017) {10278 R. 088962} ;p. 97-118 |
| 902 ## - CES. TIPO DE DOCUMENTO | |
| Tipodoc (006$c Sirtex) | ART Artículo de revista |
| 942 ## - ELEMENTOS KOHA | |
| Fuente de clasificaión o esquema | Clasificación propia del CES |
| Koha [por defecto] tipo de item | Artículos (1982-2017) |
| Parte de clasificación | Asuntos Sociales |
No hay ítems disponibles.
